书目信息 |
| 题名: |
地域文化视角下漫川关古镇的保护与传承
|
|
| 作者: | 张蕾 , 丁鼎 , 李沅芳 主编 | |
| 分册: | ||
| 出版信息: | 北京 中国原子能出版社 2020.09 |
|
| 页数: | 186页 | |
| 开本: | 24cm | |
| 丛书名: | ||
| 单 册: | ||
| 中图分类: | TU-87 | |
| 科图分类: | ||
| 主题词: | 乡镇--xiang zhen--古建筑--保护--研究--山阳县 | |
| 电子资源: | ||
| ISBN: | 978-7-5221-0922-0 | |
| 000 | 01056nam0 2200265 450 | |
| 001 | CAL 0120217256180 | |
| 005 | 20230307150440.77 | |
| 010 | @a978-7-5221-0922-0@dCNY58.00 | |
| 100 | @a20211027d2020 em y0chiy0120 ea | |
| 101 | 0 | @achi |
| 102 | @aCN@b110000 | |
| 105 | @aa a 000yy | |
| 106 | @ar | |
| 200 | 1 | @a地域文化视角下漫川关古镇的保护与传承@Adi yu wen hua shi jiao xia man chuan guan gu zhen de bao hu yu chuan cheng@f张蕾, 丁鼎, 李沅芳主编 |
| 210 | @a北京@c中国原子能出版社@d2020.09 | |
| 215 | @a186页@c图@d24cm | |
| 320 | @a有书目 | |
| 330 | @a本书共分5部分, 内容包括: 古镇历史与文化、古镇形态、古镇建筑研究、古镇建筑装饰艺术、文化景观视角下的古镇保护与传承。另外还有: 自然与区域 ; 历史溯源 ; 社会文化 ; 古镇布局 ; 城镇肌理 ; 环境景观 ; 地域文化对古镇建筑的影响等。 | |
| 606 | 0 | @a乡镇@Axiang zhen@x古建筑@x保护@x研究@y山阳县 |
| 690 | @aTU-87@v5 | |
| 701 | 0 | @a张蕾@Azhang lei@4主编 |
| 701 | 0 | @a丁鼎@Ading ding@4主编 |
| 701 | 0 | @a李沅芳@Ali yuan fang@4主编 |
| 801 | 0 | @aCN@bBJXHZP@c20230228 |
| 905 | @b1404629-32@dTU-87@e283@f4 | |
| 地域文化视角下漫川关古镇的保护与传承/张蕾, 丁鼎, 李沅芳主编.-北京:中国原子能出版社,2020.09 |
| 186页:图;24cm |
| ISBN 978-7-5221-0922-0:CNY58.00 |
| 本书共分5部分, 内容包括: 古镇历史与文化、古镇形态、古镇建筑研究、古镇建筑装饰艺术、文化景观视角下的古镇保护与传承。另外还有: 自然与区域 ; 历史溯源 ; 社会文化 ; 古镇布局 ; 城镇肌理 ; 环境景观 ; 地域文化对古镇建筑的影响等。 |
| ● |
| 相关链接 |
|
|
|
|
正题名:地域文化视角下漫川关古镇的保护与传承
索取号:TU-87/283
 
预约/预借
| 序号 | 登录号 | 条形码 | 馆藏地/架位号 | 状态 | 备注 |
| 1 | 1404629 | 214046290 | 第二样本阅览室/ [索取号:TU-87/283] | 在馆 | |
| 2 | 1404630 | 214046307 | 第三借阅区/ [索取号:TU-87/283] | 在馆 | |
| 3 | 1404631 | 214046316 | 第三借阅区/ [索取号:TU-87/283] | 在馆 | |
| 4 | 1404632 | 214046325 | 第三借阅区/ [索取号:TU-87/283] | 在馆 |